[Event "Mechanics' Winter TNM; 30/90, SD/30"]
[Site "San Francisco"]
[Date "2013.02.05"]
[Round "5.2"]
[White "Shakhnazarov, Oleg"]
[Black "Watson, Farid"]
[Result "0-1"]
[WhiteElo "2184"]
[BlackElo "2040"]
[PlyCount "86"]
[EventDate "2013.??.??"]

1. d4 Nf6 2. Nf3 e6 3. Bf4 b6 4. Nbd2 Bb7 5. h3 c5 6. e3 d6 7. c3 Be7 8. Be2
O-O 9. O-O Nbd7 10. a4 Re8 11. Nc4 Ne4 12. a5 Bf8 13. Qc2 cxd4 14. exd4 f5 15.
a6 Bd5 16. Ne3 Ndf6 17. c4 Rc8 18. Qd3 Ba8 19. d5 exd5 20. cxd5 g6 21. Rac1 Qd7
22. Qb3 Qf7 23. Bb5 Red8 24. Ng5 Nxg5 25. Bxg5 Rc5 26. Bxf6 Qxf6 27. Bc6 Qf7
28. Rxc5 dxc5 29. Qb5 Bd6 30. Nc4 Qc7 31. Bxa8 Rxa8 32. Re1 Rf8 33. Qc6 Bh2+
34. Kh1 Qf4 35. Qe6+ Kg7 36. Ne5 Qxf2 37. Nd7 Bg3 38. Nxf8 Qxe1+ 39. Qxe1 Bxe1
40. Ne6+ Kf6 41. Nc7 Bg3 42. Nb5 Bb8 43. Kg1 g5 {
Both players quit keeping score at this point.} 0-1

[Event "Mechanics' Fall TNM; 30/90, SD/30"]
[Site "San Francisco"]
[Date "2013.12.03"]
[Round "7.2"]
[White "Shakhnazarov, Oleg"]
[Black "Watson, Farid Mark"]
[Result "1-0"]
[WhiteElo "2187"]
[BlackElo "2078"]
[Annotator "Winslow,Elliott C"]
[PlyCount "65"]
[EventDate "2013.??.??"]

1. e4 c5 2. Nf3 g6 3. d4 cxd4 4. Qxd4 Nf6 5. Bc4 Nc6 6. Qd3 Bg7 7. O-O O-O 8.
Bd2 Ng4 9. Qb3 Nge5 (9... d6 10. Bc3 Na5) 10. Nxe5 Nxe5 11. Be2 d6 12. Nc3 Nc6
13. Bd3 Bd7 14. f4 b5 15. a3 Qb6+ 16. Kh1 Na5 17. Qa2 Rfc8 $4 18. Nd5 $18 Qd8
19. Bxa5 Qxa5 20. Nxe7+ Kf8 21. Nxc8 Rxc8 22. Qd5 (22. c3) 22... Qc7 23. e5 Bc6
24. Qxd6+ $6 (24. exd6) 24... Qxd6 25. exd6 Bxb2 26. Rab1 Bxa3 27. f5 a6 $6 (
27... Bxd6 28. fxg6 hxg6 29. Bxg6 Rc7 30. Bd3 a6) 28. fxg6 hxg6 29. Bxg6 Bd5
30. Bf5 Rc6 31. d7 Be7 32. Rbd1 Rd6 33. Be4 1-0

[Event "Mechanics' Summer TNM; 30/90, SD/30"]
[Site "San Francisco"]
[Date "2013.06.11"]
[Round "3.10"]
[White "Shaknazarov, Oleg"]
[Black "Shnaiderman, Lazar"]
[Result "1-0"]
[WhiteElo "2198"]
[BlackElo "1800"]
[PlyCount "39"]
[EventDate "2013.??.??"]

1. e4 c5 2. Nf3 g6 3. Bc4 Bg7 4. c3 Nf6 5. e5 Ng4 6. d4 cxd4 7. cxd4 O-O 8. Nc3
Nc6 9. h3 Nh6 10. O-O d6 11. exd6 Qxd6 12. Nb5 Qb8 13. d5 a6 14. Nc3 Nd8 15.
Re1 Qc7 16. Bb3 Nf5 17. Bd2 Nd6 18. Rc1 Qd7 19. Na4 Qe8 20. Nb6 1-0

[Event "Mechanics' Fall TNM; 30/90, SD/30"]
[Site "San Francisco"]
[Date "2013.11.05"]
[Round "3.16"]
[White "Shaughnessy, Elizabeth"]
[Black "Chernobilskiy, Mikhail"]
[Result "0-1"]
[WhiteElo "1510"]
[BlackElo "1883"]
[Annotator "Donaldson"]
[PlyCount "72"]
[EventDate "2013.??.??"]

1. e4 e5 2. d4 exd4 3. Qxd4 Nc6 4. Qe3 d6 5. Nc3 Be6 6. Bb5 Nf6 7. Nge2 Be7 8.
Bd2 O-O 9. h3 a6 10. Bxc6 bxc6 11. Nf4 Bc8 12. O-O-O Re8 13. Qg3 Rb8 14. f3 Kh8
15. h4 d5 $2 16. exd5 cxd5 17. Ncxd5 $1 Bd6 (17... Nxd5 18. Nxd5 Qxd5 19. Bc3)
18. Nc3 $2 (18. Bc3 $1 $18) 18... Bf5 19. Qh2 h5 20. g3 $2 (20. Rhe1 $11) 20...
c6 (20... Be5 $1) 21. Rhe1 Rxe1 22. Bxe1 Qc7 23. a3 Be5 24. Nfe2 $2 (24. Qd2
$11) 24... Qb7 25. b4 a5 26. Na4 Qb5 (26... axb4 27. axb4 Qa6 28. Nec3 Rxb4)
27. Nec3 Qa6 28. Qe2 Qxe2 29. Nxe2 axb4 30. axb4 Nd5 31. c3 $2 (31. Nd4 $11)
31... Ne3 (31... Ra8) 32. Rd2 Nc4 (32... Ra8) 33. Rd1 Ra8 34. Nd4 Bg6 35. Nc2
Bxc2 36. Kxc2 Ne3+ 0-1

[Event "Mechanics' Winter TNM; 30/90, SD/30"]
[Site "San Francisco"]
[Date "2013.02.05"]
[Round "5.36"]
[White "Shaughnessy, Elizabeth"]
[Black "Frank, Robert"]
[Result "1/2-1/2"]
[WhiteElo "1570"]
[BlackElo "1264"]
[PlyCount "74"]
[EventDate "2013.??.??"]

1. e4 e5 2. d4 exd4 3. Qxd4 Nc6 4. Qe3 d6 5. Nc3 Ne5 6. h3 Ne7 7. Bd2 a5 8. f4
N5c6 9. Bb5 Bd7 10. a3 Na7 11. Bxd7+ Qxd7 12. Nd5 b6 13. Ne2 O-O-O 14. O-O-O
Nxd5 15. exd5 Re8 16. Qd3 Qb5 17. Qf5+ Qd7 18. Qh5 g6 19. Qf3 Bg7 20. Nc3 Nb5
21. Nxb5 Qxb5 22. Bc3 Bxc3 23. Qxc3 Qd7 24. Rhe1 Rhf8 25. Qg7 f5 26. Qc3 Rf7
27. Rxe8+ Qxe8 28. Re1 Re7 29. Rxe7 Qxe7 30. Qd2 Qe4 31. b3 Qe8 32. c4 Qh8 33.
Qb2 Qxb2+ 34. Kxb2 Kd7 35. b4 axb4 36. axb4 c5 37. Kb3 Kc7 1/2-1/2

[Event "Mechanics' Fall TNM; 30/90, SD/30"]
[Site "San Francisco"]
[Date "2013.12.10"]
[Round "8.31"]
[White "Shaughnessy, Elizabeth"]
[Black "Hood, Bryan"]
[Result "1/2-1/2"]
[WhiteElo "1510"]
[BlackElo "797"]
[PlyCount "101"]
[EventDate "2013.??.??"]

1. e4 e5 2. d4 exd4 3. Qxd4 Nc6 4. Qe3 Nf6 5. Nc3 Be7 6. Nf3 d5 7. exd5 Nxd5 8.
Nxd5 Qxd5 9. Bd2 O-O 10. Bd3 Bg4 11. Be4 Qd7 12. h3 Bf5 13. Bxc6 Qxc6 14. Nd4
Qc5 15. O-O Rfe8 16. b4 Qd5 17. c3 Bxb4 18. Qg5 Re5 19. Nf3 f6 20. Qg3 Bd6 21.
Bf4 Re4 22. Bxd6 cxd6 23. Rfd1 Qc5 24. Rxd6 Qxc3 25. Rad1 Rae8 26. Kh2 h6 27.
R1d3 Qc7 28. Nh4 Rxh4 29. Qxh4 Bxd3 30. Qg3 Rd8 31. Rxd3 Qxg3+ 32. Rxg3 Rd2 33.
Rb3 Rxa2 34. Rxb7 a5 35. Ra7 h5 36. f3 f5 37. Kg1 f4 38. Kf1 Kh7 39. Rf7 a4 40.
Rxf4 g5 41. Rf6 Kg7 42. Ra6 a3 43. Ke1 Ra1+ 44. Kd2 Ra2+ 45. Kc3 Rxg2 46. Rxa3
Rg3 47. Kd2 Rxh3 48. Ke2 g4 49. Kf2 Rxf3+ 50. Rxf3 gxf3 51. Kxf3 1/2-1/2

[Event "Mechanics' Spring TNM; 30/90, SD/30"]
[Site "San Francisco"]
[Date "2013.03.19"]
[Round "1.17"]
[White "Shaughnessy, Elizabeth"]
[Black "Maser, Tom"]
[Result "0-1"]
[WhiteElo "1574"]
[BlackElo "1979"]
[PlyCount "44"]
[EventDate "2013.??.??"]

1. e4 e5 2. d4 exd4 3. Qxd4 Nc6 4. Qe3 d6 5. Nc3 Nf6 6. Bc4 Be7 7. Nge2 Be6 8.
Bxe6 fxe6 9. Qg3 O-O 10. Bh6 Ne8 11. Qg4 Qd7 12. f3 Ne5 13. Qg3 Rxf3 14. gxf3
Bh4 15. Bf4 Nxf3+ 16. Kf2 Bxg3+ 17. hxg3 Ne5 18. Rad1 Ng4+ 19. Kf3 e5 20. Bg5
Nef6 21. Nd5 Nxd5 22. Rxd5 Rf8+ 0-1

[Event "Mechanics' Spring TNM; 30/90, SD/30"]
[Site "San Francisco"]
[Date "2013.04.30"]
[Round "7.39"]
[White "Shaughnessy, Elizabeth"]
[Black "Otterbach, Renate"]
[Result "1/2-1/2"]
[WhiteElo "1574"]
[BlackElo "899"]
[PlyCount "95"]
[EventDate "2013.??.??"]

1. e4 d6 2. d4 e5 3. Nf3 Nc6 4. Bc4 Be6 5. d5 Na5 6. dxe6 Nxc4 7. exf7+ Kxf7 8.
Qd5+ Ke7 9. Qxc4 h6 10. Nc3 Nf6 11. Nd5+ Nxd5 12. exd5 Qe8 13. Qxc7+ Kf6 14.
Qxb7 Rd8 15. O-O g5 16. Nd2 Rd7 17. Qc6 Rhh7 18. Ne4+ Kf5 19. Re1 g4 20. Bd2
Qg6 21. Ng3+ Kf6 22. Qc4 Rde7 23. Qe4 Qg7 24. Nf5 Qg6 25. Nxe7 Qxe4 26. Rxe4
Rxe7 27. Rxg4 Kf5 28. Rh4 Rh7 29. Re1 a5 30. Bxa5 Be7 31. Rh3 h5 32. Bd2 e4 33.
a4 Ke5 34. c4 Kf5 35. a5 h4 36. a6 Rh8 37. Ra1 Ra8 38. Ra4 Bf6 39. b4 Bd4 40.
Be3 Bf6 41. b5 Bg5 42. b6 Bxe3 43. Rxe3 Rg8 44. h3 Kf4 45. a7 Rg3 46. a8=Q Rxe3
47. Qf8+ Ke5 48. fxe3 1/2-1/2

[Event "Mechanics' Spring TNM; 30/90, SD/30"]
[Site "San Francisco"]
[Date "2013.03.26"]
[Round "2.24"]
[White "Shaughnessy, Elizabeth"]
[Black "Solomonik, Edgar"]
[Result "0-1"]
[WhiteElo "1574"]
[BlackElo "1779"]
[PlyCount "82"]
[EventDate "2013.??.??"]

1. e4 c6 2. d4 d5 3. Nc3 dxe4 4. Nxe4 Nd7 5. Nf3 Ngf6 6. Ng3 Qc7 7. Bc4 Nb6 8.
Bb3 Bg4 9. Qd3 Bxf3 10. Qxf3 e6 11. O-O Bd6 12. Bg5 O-O-O 13. Bxf6 gxf6 14.
Qxf6 h5 15. f4 h4 16. Ne4 h3 17. Nxd6+ Qxd6 18. g3 Nd7 19. Qxf7 Qxd4+ 20. Rf2
Nc5 21. Bxe6+ Kb8 22. Bf5 Rdf8 23. c3 Qxf2+ 24. Kxf2 Rxf7 25. Bg4 Nd3+ 26. Ke3
Nxb2 27. Rb1 Nc4+ 28. Kd4 Nd2 29. Rd1 Kc7 30. Be6 Rd8+ 31. Ke3 Re7 32. f5 Nc4+
33. Ke2 Rxd1 34. Kxd1 Rxe6 35. fxe6 Kd6 36. Ke2 Kxe6 37. Kf3 Kf5 38. g4+ Kg5
39. Kg3 Ne3 40. Kxh3 Nxg4 41. Kg3 Nxh2 0-1

[Event "Mechanics' Winter TNM; 30/90, SD/30"]
[Site "San Francisco"]
[Date "2013.01.22"]
[Round "3.19"]
[White "Shaughnessy, Elizabeth"]
[Black "Todortsev, Victor"]
[Result "0-1"]
[WhiteElo "1570"]
[BlackElo "1910"]
[PlyCount "64"]
[EventDate "2013.??.??"]

1. e4 e5 2. d4 exd4 3. Qxd4 Nc6 4. Qe3 Nf6 5. Nc3 Bb4 6. Bd2 O-O 7. O-O-O Re8
8. f3 d5 9. Be1 d4 10. Qf2 Qe7 11. Nce2 Bc5 12. Qh4 Be6 13. Kb1 a5 14. Nc1 Nb4
15. e5 Nfd5 16. Qxe7 Rxe7 17. Nge2 Ne3 18. Rd2 Nbxc2 19. Nd3 Bb4 20. Nxb4 axb4
21. Rxc2 Bxa2+ 22. Kc1 d3 23. Bxb4 Rxe5 24. Rxc7 Nxf1 25. Rxf1 dxe2 26. Re1 b5
27. Bc3 Re6 28. Rb7 Bc4 29. Kc2 Rd8 30. Ra1 h6 31. Rba7 Rd1 32. Rxd1 Bb3+ 0-1

[Event "Mechanics' Fall TNM; 30/90, SD/30"]
[Site "San Francisco"]
[Date "2013.12.03"]
[Round "7.13"]
[White "Sherwood, Peter"]
[Black "Andries, Craig"]
[Result "0-1"]
[WhiteElo "1817"]
[BlackElo "1956"]
[PlyCount "152"]
[EventDate "2013.??.??"]

1. e4 g6 2. d4 Bg7 3. Nc3 d6 4. f4 Nf6 5. Nf3 O-O 6. Be2 c5 7. dxc5 Qa5 8. O-O
Qxc5+ 9. Kh1 Ng4 10. Qe1 Bxc3 11. bxc3 Nc6 12. Bd3 Bd7 13. Rb1 Nd8 14. h3 Nf6
15. Qh4 Qh5 16. f5 Bc6 17. Re1 Rc8 18. Kh2 b6 19. g4 Qxh4 20. Nxh4 Kg7 21. Nf3
Nd7 22. Bb2 Ne5 23. Nxe5 dxe5 24. Ba3 Rc7 25. c4 f6 26. Rbd1 Bb7 27. Rd2 Nc6
28. c5 Nd4 29. cxb6 axb6 30. Kg3 Rfc8 31. Rc1 Rc3 32. Bb2 R3c7 33. c3 Nc6 34.
Rcd1 Na5 35. Kf2 Nc4 36. Re2 Rd7 37. Ke1 Rcd8 38. Bxc4 Rxd1+ 39. Kf2 R1d2 40.
Ke3 Rd1 41. Ba3 Kf8 42. Kf3 Rc8 43. Bb3 Rxc3+ 44. Kg2 Rdd3 45. Bb4 Rg3+ 46. Kf2
Rcf3+ 47. Ke1 Re3 48. Kf2 Rxe2+ 49. Kxg3 Bxe4 50. Bc4 Re3+ 51. Kh2 gxf5 52. Bd2
Rf3 53. Bh6+ Ke8 54. Bb5+ Kd8 55. a4 fxg4 56. hxg4 Bd3 57. Bc6 e4 58. Kg2 Kc7
59. Ba8 Bc2 60. Bf8 Kd6 61. Bb7 Ra3 62. Kf2 Rxa4 63. Ke3 Ra3+ 64. Ke2 Rg3 65.
Bc8 b5 66. Kf2 Rf3+ 67. Ke2 b4 68. Bh6 b3 69. Bc1 Rc3 70. Bf5 Bd3+ 71. Kd1 Bc2+
72. Kd2 Rh3 73. Bb2 Rh2+ 74. Kc3 e6 75. Bxe4 Bxe4 76. Kxb3 Rxb2+ 0-1

[Event "Mechanics' Winter TNM; 30/90, SD/30"]
[Site "San Francisco"]
[Date "2013.02.05"]
[Round "5.19"]
[White "Sherwood, Peter"]
[Black "Bekhtur, Bayaara"]
[Result "0-1"]
[WhiteElo "1812"]
[BlackElo "1650"]
[PlyCount "76"]
[EventDate "2013.??.??"]

1. e4 c5 2. Nf3 d6 3. d4 cxd4 4. Nxd4 Nf6 5. Nc3 g6 6. Be3 Bg7 7. f3 O-O 8. Bc4
Nc6 9. Qd2 Re8 10. O-O-O Bd7 11. h4 h5 12. Nd5 Ne5 13. Nxf6+ Bxf6 14. Bb3 Rc8
15. Bg5 Bh8 16. f4 Nc4 17. Qd3 b5 18. f5 a5 19. fxg6 fxg6 20. e5 Kh7 21. Rhf1
Nxe5 22. Qe4 Bg4 23. Rd2 Bf6 24. Bxf6 exf6 25. Nxb5 Nc4 26. Qd5 Be6 27. Qd4
Nxd2 28. Kxd2 Bxb3 29. axb3 Qe7 30. Nc3 Rxc3 31. Kxc3 f5 32. Rf2 Qe1+ 33. Kd3
Re4 34. Qb6 d5 35. Qc7+ Kh6 36. Qg3 Qd1+ 37. Rd2 Qf1+ 38. Kc3 Rc4+ 0-1

[Event "Mechanics' Fall TNM; 30/90, SD/30"]
[Site "San Francisco"]
[Date "2013.11.05"]
[Round "3.19"]
[White "Sherwood, Peter"]
[Black "Chea, Na"]
[Result "1-0"]
[WhiteElo "1817"]
[BlackElo "1434"]
[PlyCount "53"]
[EventDate "2013.??.??"]

1. e4 c5 2. Nf3 e6 3. d4 cxd4 4. Nxd4 Nf6 5. Nc3 Bb4 6. Bd3 Nc6 7. Nxc6 bxc6 8.
Bd2 d5 9. O-O d4 10. Ne2 Bxd2 11. Qxd2 O-O 12. Qf4 Nd7 13. e5 c5 14. Qe4 g6 15.
Qxa8 Nxe5 16. Qe4 Qc7 17. Ng3 f5 18. Qf4 Bb7 19. Ne2 c4 20. Bxc4 Qc6 21. Bxe6+
Qxe6 22. Nxd4 Qf6 23. c3 g5 24. Qd2 Rd8 25. f4 gxf4 26. Qxf4 Kh8 27. Qxf5 1-0

[Event "Mechanics' Neil Falconer TNM; 30/90, SD"]
[Site "San Francisco"]
[Date "2013.08.06"]
[Round "1.29"]
[White "Sherwood, Peter"]
[Black "Cowgill, Jackie"]
[Result "1-0"]
[WhiteElo "1816"]
[BlackElo "1002"]
[PlyCount "71"]
[EventDate "2013.??.??"]

1. e4 e5 2. Nf3 Nc6 3. Bb5 a6 4. Ba4 Nf6 5. O-O Be7 6. Re1 b5 7. Bb3 O-O 8. c3
d6 9. h3 Na5 10. Bc2 c5 11. d4 Qc7 12. Bg5 Re8 13. Nbd2 Bd7 14. Nf1 Rad8 15.
Ne3 Bc6 16. Nf5 Bb7 17. d5 Bc8 18. Nxe7+ Rxe7 19. a4 b4 20. cxb4 cxb4 21. Rc1
Qb8 22. Bd3 Rc7 23. Qe2 Nb3 24. Rxc7 Qxc7 25. Bxa6 Nc5 26. Bxc8 Rxc8 27. Rc1
Nfd7 (27... Nfxe4) 28. b3 Qa7 29. Nd2 h6 30. Be3 Qa8 31. Qg4 Nf6 32. Qh4 Nd3
33. Rxc8+ Qxc8 34. Nc4 Nf4 35. Bxf4 exf4 36. Qxf4 1-0

[Event "Mechanics' Summer TNM; 30/90, SD/30"]
[Site "San Francisco"]
[Date "2013.06.11"]
[Round "3.11"]
[White "Sherwood, Peter"]
[Black "Goins, Demetrius"]
[Result "0-1"]
[WhiteElo "1789"]
[BlackElo "2136"]
[PlyCount "86"]
[EventDate "2013.??.??"]

1. e4 c5 2. Nf3 d6 3. d4 cxd4 4. Nxd4 Nf6 5. Nc3 a6 6. Be3 e5 7. Nb3 Be7 8. f3
Be6 9. Qd2 O-O 10. O-O-O b5 11. g4 Nc6 12. g5 Nd7 13. Nd5 Bxd5 14. Qxd5 Na5 15.
Nxa5 Qxa5 16. Kb1 Qc7 17. h4 Rac8 18. Rh2 Nb6 19. Bxb6 Qxb6 20. Qb3 Rc5 21.
Rhd2 Rb8 22. Qe3 a5 23. Be2 a4 24. Qd3 Rcc8 25. Bf1 Qc5 26. Qd5 Qe3 27. Qd3 Qf4
28. Bh3 Rc4 29. Bg4 h6 30. gxh6 Qxh6 31. Rh2 Qf4 32. Qe2 Rd4 33. Rxd4 exd4 34.
Qd2 {draw offer} Qe5 35. Rh1 b4 36. Qd3 Bf6 37. h5 Rb6 38. Bd7 a3 39. Qc4 d3
40. Qc8+ Kh7 41. Bf5+ Kh6 42. Qh8+ Kg5 43. Rg1+ Kf4 0-1

[Event "Mechanics' Spring TNM; 30/90, SD/30"]
[Site "San Francisco"]
[Date "2013.03.26"]
[Round "2.9"]
[White "Sherwood, Peter"]
[Black "Grey, Peter"]
[Result "0-1"]
[WhiteElo "1812"]
[BlackElo "2015"]
[PlyCount "112"]
[EventDate "2013.??.??"]

1. e4 e5 2. Nf3 Nc6 3. Bb5 Nf6 4. d3 d6 5. h3 Be7 6. O-O O-O 7. Re1 Bd7 8. c3
Re8 9. Nbd2 Bf8 10. Nf1 a6 11. Ba4 g6 12. Bb3 Na5 13. Bc2 c5 14. Bg5 h6 15. Bd2
Be6 16. Ne3 Nc6 17. Bb3 b5 18. Bxe6 Rxe6 19. Nd5 Re8 20. Ne3 d5 21. exd5 Nxd5
22. a4 Nf4 23. axb5 axb5 24. Rxa8 Qxa8 25. Qc2 Qd8 26. Ng4 Nxd3 27. Re2 c4 28.
Bxh6 Bxh6 29. Nxh6+ Kg7 30. Ng4 f5 31. Ne3 e4 32. Ne1 Nce5 33. Qd2 Nxe1 34.
Qxe1 Re7 35. Rd2 Rd7 36. Rxd7+ Qxd7 37. Qd1 Qxd1+ 38. Nxd1 f4 39. Kf1 Kf6 40.
Ke2 Kf5 41. g3 g5 42. Kd2 Nf3+ 43. Kc2 Ng1 44. h4 gxh4 45. gxf4 h3 46. Ne3+
Kxf4 47. Nf1 Kf3 48. Nh2+ Kxf2 49. Ng4+ Kg3 50. Ne3 Kf3 51. Nf1 e3 52. Nh2+ Kg2
53. Ng4 e2 54. Kd2 h2 55. Nxh2 Kxh2 56. Ke1 Kg2 0-1

[Event "Mechanics' Summer TNM; 30/90, SD/30"]
[Site "San Francisco"]
[Date "2013.06.04"]
[Round "2.13"]
[White "Sherwood, Peter"]
[Black "Grey, Peter"]
[Result "1/2-1/2"]
[WhiteElo "1789"]
[BlackElo "2000"]
[PlyCount "49"]
[EventDate "2013.??.??"]

1. e4 e5 2. Nf3 Nc6 3. Bb5 a6 4. Ba4 Nf6 5. O-O Nxe4 6. d4 b5 7. Bb3 d5 8. Nxe5
Nxe5 9. dxe5 c6 10. Be3 Bc5 11. Nd2 Qe7 12. Nxe4 dxe4 13. Bxc5 Qxc5 14. Qh5 g6
15. Qh6 (15. Bxf7+ $1 {(Grey)} Kd8 (15... Kxf7 $4 16. e6+ Bxe6 17. Qxc5) 16.
Qh4+ (16. Bxg6) 16... Kc7 17. e6 $18) 15... Qxe5 16. Rad1 Ra7 17. c3 Rd7 18.
Rxd7 Bxd7 19. Rd1 Be6 20. Bxe6 fxe6 21. Re1 Kf7 22. Qh4 g5 23. Qxe4 Qxe4 24.
Rxe4 Rd8 25. Kf1 1/2-1/2

[Event "Mechanics' Fall TNM; 30/90, SD/30"]
[Site "San Francisco"]
[Date "2013.10.22"]
[Round "1.24"]
[White "Sherwood, Peter"]
[Black "Hood, Bryan Nicholas"]
[Result "1-0"]
[WhiteElo "1817"]
[BlackElo "797"]
[PlyCount "60"]
[EventDate "2013.??.??"]

1. e4 e5 2. Nf3 Nc6 3. Bb5 Nge7 4. d4 d6 5. dxe5 a6 6. Ba4 Bg4 7. exd6 cxd6 8.
O-O b5 9. Bb3 Ng6 10. Qd5 Nge5 11. Nxe5 Nxe5 12. Bf4 Be6 13. Qd4 Ng4 14. Bxe6
fxe6 15. Bg3 e5 16. Qd1 Nf6 17. f3 Be7 18. Nc3 O-O 19. Nd5 Rc8 20. Nxf6+ Bxf6
21. c3 Bg5 22. Qd5+ Kh8 23. Rad1 Rf6 24. Bxe5 Rc5 25. Qxc5 Qb8 26. Bxd6 ({
After the game, a kibitzer suggested} 26. Bxf6 $1 dxc5 27. Bxg5 {
and B will lose the Q}) 26... Rxd6 27. Qxd6 Qc8 28. f4 h6 29. fxg5 hxg5 30.
Rf8+ Kh7 {and resigns} 1-0

[Event "Mechanics' Winter TNM; 30/90, SD/30"]
[Site "San Francisco"]
[Date "2013.02.19"]
[Round "7.18"]
[White "Sherwood, Peter"]
[Black "Jones, Clarence"]
[Result "1-0"]
[WhiteElo "1812"]
[BlackElo "1546"]
[PlyCount "173"]
[EventDate "2013.??.??"]

1. e4 c6 2. d4 d5 3. Nc3 dxe4 4. Nxe4 Nd7 5. Ng5 Ndf6 6. Bc4 e6 7. c3 h6 8.
N5f3 Bd6 9. Ne2 Ne7 10. Bf4 Ng6 11. Bxd6 Qxd6 12. Qd2 a6 13. Bd3 Ne7 14. Ne5 b6
15. O-O-O a5 16. Rhe1 b5 17. Ng3 O-O 18. Ne4 Nxe4 19. Bxe4 b4 20. c4 Rb8 21.
Bc2 c5 22. Qd3 f5 23. dxc5 Qxc5 24. Nd7 Bxd7 25. Qxd7 Nc6 26. Qxe6+ Kh8 27. Qd5
Qb6 28. Re6 Rbc8 29. Ba4 Rfd8 30. Qxf5 Rxd1+ 31. Bxd1 Qd8 32. Bc2 Qg8 33. Rd6
a4 34. b3 a3 35. Be4 Ne7 36. Qe5 Qf8 37. Rxh6+ Kg8 38. Re6 Qxf2 39. Bf3 Rd8 40.
Bd5 Nxd5 41. Re8+ Rxe8 42. Qxe8+ Kh7 43. Qh5+ Kg8 44. Qxd5+ Kh7 45. Qd2 Qf1+
46. Kc2 Qa1 47. Kd3 Qb1+ 48. Qc2 Qf1+ 49. Kd4+ g6 50. Kc5 Qf8+ 51. Kb5 Qb8+ 52.
Ka4 Qe5 53. Kxb4 Qb2 54. Qc3 Qxa2 55. Qd4 Qb2 56. Qa7+ Kh6 57. Qxa3 Qxg2 58.
Qc1+ Kh7 59. Qf4 g5 60. Qg3 Qd2+ 61. Kb5 Qd7+ 62. Kc5 Qa7+ 63. Kd5 Qb7+ 64. Kd4
Qb6+ 65. Kc3 Qa5+ 66. Kd3 Qa2 67. Qb8 Qb1+ 68. Kd4 Qg1+ 69. Kd5 Qg2+ 70. Kc5
Qf2+ 71. Kb5 Qf4 72. Qb7+ Kg6 73. Qg2 Qb8+ 74. Ka4 Qa7+ 75. Kb4 Qb6+ 76. Kc3
Qa5+ 77. Kb2 Qe5+ 78. Kc2 Qa1 79. Qg3 Qa2+ 80. Kc3 Qa5+ 81. Kd4 Qb6+ 82. c5
Qb4+ 83. Kd5 Qd2+ 84. Kc4 Qf4+ $2 ({a better try, but still losing, was} 84...
Qc2+ 85. Kb5 Qe4 (85... Qe2+ 86. Kb6 Qe6+ $2 87. Qd6 $18) 86. Qd6+ Kf7 87. Qc7+
Kf8 88. b4 Qd3+ 89. Kb6 $18) 85. Qxf4 gxf4 86. c6 f3 87. Kd3 1-0

[Event "Mechanics' Summer TNM; 30/90, SD/30"]
[Site "San Francisco"]
[Date "2013.07.09"]
[Round "7.14"]
[White "Sherwood, Peter"]
[Black "Maser, Thomas"]
[Result "1-0"]
[WhiteElo "1789"]
[BlackElo "1968"]
[PlyCount "74"]
[EventDate "2013.??.??"]

1. e4 e5 2. Nf3 Nc6 3. Bb5 a6 4. Ba4 d6 5. c3 Bd7 6. d4 g6 7. O-O Nf6 8. Re1 b5
9. Bb3 Bg7 10. Bg5 O-O 11. Nbd2 Re8 12. a4 Rb8 13. axb5 axb5 14. Qe2 h6 15. Be3
b4 16. d5 bxc3 17. bxc3 Ne7 18. Ra3 Ng4 19. Ba7 Ra8 20. h3 Nc8 21. Bc5 Rxa3 22.
Bxa3 Nf6 23. Rb1 Nh5 24. Bc2 Nf4 25. Qc4 Nb6 26. Qf1 Qf6 27. c4 g5 28. c5 dxc5
29. Bxc5 h5 30. d6 g4 31. hxg4 hxg4 32. Nh2 Qg5 33. Be3 Re6 34. dxc7 Rh6 35.
Rxb6 Rxh2 36. Kxh2 g3+ 37. fxg3 Qh5+ {and B resigned with 48 sec on the clock}
1-0

[Event "Mechanics' Winter TNM; 30/90, SD/30"]
[Site "San Francisco"]
[Date "2013.01.22"]
[Round "3.23"]
[White "Sherwood, Peter"]
[Black "Nelson, Christopher"]
[Result "0-1"]
[WhiteElo "1812"]
[BlackElo "1513"]
[PlyCount "74"]
[EventDate "2013.??.??"]

1. e4 e5 2. Nf3 Nc6 3. Bb5 Nf6 4. O-O Nxe4 5. d4 Nd6 6. Ba4 Be7 7. dxe5 Ne4 8.
Re1 d5 9. Bb3 Be6 10. Nbd2 Nc5 11. c3 Nd3 12. Re3 Nxc1 13. Rxc1 O-O 14. Nd4 Bc5
15. N2f3 Bg4 16. Qd3 Bxf3 17. Nxc6 Qg5 18. Rxf3 Qxc1+ 19. Bd1 bxc6 20. b4 Be7
21. Rh3 g6 22. Re3 Bg5 23. Re1 Rae8 24. g3 Bd2 25. Rf1 Qxc3 26. Qxc3 Bxc3 27.
f4 Bxb4 28. Ba4 Rb8 29. Bxc6 Bc5+ 30. Kh1 Rfd8 31. Rc1 Be3 32. Rd1 d4 33. Be4
Rb2 34. a4 Rdb8 35. a5 Rf2 36. Rb1 Rxb1+ 37. Bxb1 Rf1+ 0-1

[Event "Mechanics' Spring TNM; 30/90, SD/30"]
[Site "San Francisco"]
[Date "2013.04.23"]
[Round "6.14"]
[White "Sherwood, Peter"]
[Black "Ochoa, Jason"]
[Result "1-0"]
[WhiteElo "1812"]
[BlackElo "1913"]
[PlyCount "69"]
[EventDate "2013.??.??"]

1. e4 c5 2. Nf3 g6 3. d4 cxd4 4. Nxd4 Bg7 5. Nc3 Nc6 6. Be3 d6 7. Qd2 Nf6 8. f3
O-O 9. O-O-O Nxd4 10. Bxd4 Be6 11. Kb1 Rc8 12. g4 Re8 13. h4 h5 14. g5 Nd7 15.
Bxg7 Kxg7 16. f4 Kg8 17. Bh3 Nb6 18. b3 Qc7 19. Nb5 Qc5 20. Nd4 Bxh3 21. Rxh3
e5 22. fxe5 dxe5 23. Ne2 Qa3 24. Rc3 Rxc3 25. Nxc3 Rc8 $138 26. Rf1 Qb4 27. Qf2
Rc7 (27... Qxc3 28. Qxf7+ Kh8 29. Qf6+ $11) 28. Nd5 Nxd5 29. exd5 Qd4 $6 30.
Qxd4 exd4 31. Rd1 Kf8 32. Rxd4 Rc3 33. Kb2 Rh3 34. Re4 Rg3 $2 (34... Rh1 $142)
35. d6 1-0

[Event "Mechanics' Neil Falconer TNM; 30/90, SD"]
[Site "San Francisco"]
[Date "2013.09.03"]
[Round "5.18"]
[White "Sherwood, Peter"]
[Black "Olson, David"]
[Result "1-0"]
[WhiteElo "1816"]
[BlackElo "1447"]
[Annotator "Donaldson"]
[PlyCount "43"]
[EventDate "2013.??.??"]

1. e4 c5 2. Nf3 Nc6 3. d4 cxd4 4. Nxd4 e5 ({Sveshnikov} 4... Nf6 5. Nc3 e5 6.
Ndb5 d6 7. Bg5 a6 8. Na3 b5) 5. Nb5 Nf6 ({Lowenthal} 5... a6 6. Nd6+ Bxd6 7.
Qxd6 Qf6) 6. N1c3 a6 (6... d6) 7. Nd6+ Bxd6 8. Qxd6 Qe7 9. Qxe7+ Nxe7 10. Bg5
O-O 11. O-O-O Rd8 12. Rd6 Ng6 13. Bc4 b5 14. Bb3 b4 15. Nd5 Nxe4 16. Rxg6 hxg6
({(Fritz)} 16... Re8 17. Rb6 Nxg5 18. Nc7 $18) (16... Rf8 17. Re1 Nxg5 (17...
fxg6 18. Ne7+ Kh8 19. Rxe4 $18) 18. Rxg5 $18) 17. Bxd8 Nxf2 18. Rf1 Bb7 19. Bb6
Ne4 20. Ne7+ Kf8 ({(Sherwood)} 20... Kh7 21. Bxf7 $18) 21. Nxg6+ ({(Fritz)} 21.
Rxf7+ $142 Ke8 22. Nxg6 Rc8 23. Re7#) 21... Ke8 (21... Kg8) 22. Bxf7# 1-0

[Event "Mechanics' Spring TNM; 30/90, SD/30"]
[Site "San Francisco"]
[Date "2013.04.09"]
[Round "4.30"]
[White "Sherwood, Peter"]
[Black "Olson, David"]
[Result "1-0"]
[WhiteElo "1812"]
[BlackElo "1519"]
[PlyCount "73"]
[EventDate "2013.??.??"]

1. d4 Nf6 2. c4 d6 3. Nf3 g6 4. Nc3 Bg7 5. Bg5 O-O 6. e3 Bf5 7. Qb3 b6 8. Nh4
Bd7 9. Nf3 c5 10. dxc5 bxc5 11. Be2 Nc6 12. O-O Rb8 13. Qc2 Qc7 14. Rfd1 Nb4
15. Qd2 Rbd8 16. Ne1 Bf5 17. Bf3 Nc6 18. Bxf6 exf6 19. Nd5 Qc8 20. Nd3 Rfe8 21.
N3f4 Ne5 22. Be2 Ng4 23. h3 Ne5 24. Rac1 Kh8 25. Rc3 Bh6 26. Nxf6 Re7 27. N4d5
Re6 28. g4 Rxf6 29. Nxf6 Be4 30. Nxe4 f5 31. Ng3 fxg4 32. hxg4 Nxg4 33. Qd5
Nxf2 34. Kxf2 Qh3 35. Rh1 Rf8+ 36. Bf3 Qg4 37. Rxh6 1-0

[Event "Mechanics' Winter TNM; 30/90, SD/30"]
[Site "San Francisco"]
[Date "2013.01.08"]
[Round "1.31"]
[White "Sherwood, Peter"]
[Black "Poler, Sebastian"]
[Result "1-0"]
[WhiteElo "1812"]
[BlackElo "893"]
[PlyCount "59"]
[EventDate "2013.??.??"]

1. e4 c6 2. d4 d5 3. Nc3 dxe4 4. Nxe4 Bf5 5. Ng3 Bg6 6. h4 h5 7. Nf3 e6 8. Ne5
Bh7 9. Qxh5 Qc7 10. Be3 Nf6 11. Qe2 Bb4+ 12. Bd2 Bxd2+ 13. Qxd2 c5 14. Nf3 cxd4
15. Bb5+ Nc6 16. Bd3 Qa5 17. Qxa5 Nxa5 18. Bxh7 Rxh7 19. Nxd4 O-O-O 20. O-O-O
Ng4 21. Ne4 Rd7 22. g3 f5 23. Nxe6 fxe4 24. Rxd7 Kxd7 25. Nf8+ Kc6 26. Nxh7
Nxf2 27. Re1 Nc4 28. Ng5 e3 29. b3 Na3 30. Rxe3 1-0